|
|
|
|
| LEADER |
00000cam a22000004a 4500 |
| 001 |
musev2_40563 |
| 003 |
MdBmJHUP |
| 005 |
20230905044244.0 |
| 006 |
m o d |
| 007 |
cr||||||||nn|n |
| 008 |
151029s2012 nyu o 00 0 eng d |
| 020 |
|
|
|a 9781942242635
|
| 020 |
|
|
|z 9781933947839
|
| 035 |
|
|
|a (OCoLC)927384696
|
| 040 |
|
|
|a MdBmJHUP
|c MdBmJHUP
|
| 100 |
1 |
|
|a Lim, Beng Choo,
|e author.
|
| 245 |
1 |
0 |
|a Another Stage :
|b Kanze Nobumitsu and the Late Muromachi Noh Theater /
|c Lim Beng Choo.
|
| 264 |
|
1 |
|a Ithaca, NY :
|b East Asia Program, Cornell University,
|c 2012.
|
| 264 |
|
3 |
|a Baltimore, Md. :
|b Project MUSE,
|c 2016
|
| 264 |
|
4 |
|c ©2012.
|
| 300 |
|
|
|a 1 online resource (276 pages).
|
| 336 |
|
|
|a text
|b txt
|2 rdacontent
|
| 337 |
|
|
|a computer
|b c
|2 rdamedia
|
| 338 |
|
|
|a online resource
|b cr
|2 rdacarrier
|
| 490 |
0 |
|
|a Cornell East Asia series ;
|v no. 163
|
| 588 |
|
|
|a Description based on print version record.
|
| 600 |
1 |
7 |
|a Kanze, Kojirō,
|d 1434 or 1435-1516.
|2 fast
|0 (OCoLC)fst01984342
|
| 600 |
1 |
0 |
|a Kanze, Kojirō,
|d 1434 or 1435-1516.
|
| 650 |
|
7 |
|a Nō plays.
|2 fast
|0 (OCoLC)fst01042537
|
| 650 |
|
7 |
|a Japanese drama
|x Edo period.
|2 fast
|0 (OCoLC)fst01711075
|
| 650 |
|
7 |
|a Japanese drama.
|2 fast
|0 (OCoLC)fst00981509
|
| 650 |
|
0 |
|a Japanese drama
|x History
|y Edo period, 1600-1868.
|
| 650 |
|
0 |
|a Japanese drama
|x History
|y Muromachi period, 1336-1573.
|
| 650 |
|
0 |
|a Nō plays
|x History.
|
| 655 |
|
7 |
|a History.
|2 fast
|0 (OCoLC)fst01411628
|
| 655 |
|
7 |
|a Electronic books.
|2 local
|
| 710 |
2 |
|
|a Project Muse.
|e distributor
|
| 830 |
|
0 |
|a Book collections on Project MUSE.
|
| 856 |
4 |
0 |
|z Texto completo
|u https://projectmuse.uam.elogim.com/book/40563/
|
| 945 |
|
|
|a Project MUSE - Custom Collection
|
| 945 |
|
|
|a Project MUSE - Archive Complete Supplement IV
|
| 945 |
|
|
|a Project MUSE - Archive History Supplement IV
|
| 945 |
|
|
|a Project MUSE - Archive Asian and Pacific Studies Supplement III
|